<?xml version="1.0" encoding="UTF-8"?>
<record
    xmlns:xsi="http://www.w3.org/2001/XMLSchema-instance"
    xsi:schemaLocation="http://www.loc.gov/MARC21/slim http://www.loc.gov/standards/marcxml/schema/MARC21slim.xsd"
    xmlns="http://www.loc.gov/MARC21/slim">

  <leader>01183nam a22002177a 4500</leader>
  <controlfield tag="003">OSt</controlfield>
  <controlfield tag="005">20260530115321.0</controlfield>
  <controlfield tag="008">260520b        |||||||| |||| 00| 0 eng d</controlfield>
  <datafield tag="040" ind1=" " ind2=" ">
    <subfield code="a">ICI</subfield>
    <subfield code="b">spa </subfield>
    <subfield code="c">ICI</subfield>
  </datafield>
  <datafield tag="050" ind1=" " ind2="4">
    <subfield code="a">N910.M336</subfield>
    <subfield code="b">A6</subfield>
  </datafield>
  <datafield tag="245" ind1=" " ind2=" ">
    <subfield code="a">arte, dise&#xF1;o, billete, maculatura, refines </subfield>
    <subfield code="c">coordinaci&#xF3;n del proyecto Jos&#xE9; Antonio S&#xE1;nchez Saavedra</subfield>
  </datafield>
  <datafield tag="260" ind1=" " ind2=" ">
    <subfield code="a">Ciudad de M&#xE9;xico :</subfield>
    <subfield code="b">Banco de M&#xE9;xico :</subfield>
    <subfield code="b">Trilce Ediciones,</subfield>
    <subfield code="c">2017</subfield>
  </datafield>
  <datafield tag="300" ind1=" " ind2=" ">
    <subfield code="a">190 p&#xE1;ginas :</subfield>
    <subfield code="b">ilustraciones, fotograf&#xED;as a color</subfield>
  </datafield>
  <datafield tag="500" ind1=" " ind2=" ">
    <subfield code="a">Artistas participantes: Pilar Bordes, Teresa Cito, Sa&#xFA;l Kaminer, Christa Klinckwort, Lenka Klob&#xE1;sov&#xE1;, Paula Krauze, Anette Khun, Manuel Mar&#xED;n, Yolanda Mora, Paul Nevin, Dar&#xED;o Ort&#xED;z, Sandra Pani, Maribel Portela, Nunik Sauret, Elena Seguraj&#xE1;uregui, Naomi Siegmann, Mar&#xED;a Tello, Ireri Topete, Paloma Torres y H&#xE9;ctor Vel&#xE1;zquez</subfield>
  </datafield>
  <datafield tag="610" ind1=" " ind2=" ">
    <subfield code="a">Museo Banco de M&#xE9;xico</subfield>
    <subfield code="v">Exposiciones</subfield>
    <subfield code="9">34443</subfield>
  </datafield>
  <datafield tag="650" ind1=" " ind2=" ">
    <subfield code="a">Arte moderno</subfield>
    <subfield code="v">Exposiciones</subfield>
    <subfield code="z">M&#xE9;xico</subfield>
    <subfield code="9">34444</subfield>
  </datafield>
  <datafield tag="650" ind1=" " ind2=" ">
    <subfield code="a">Billetes de banco en el arte</subfield>
    <subfield code="v">Exposiciones</subfield>
    <subfield code="9">34445</subfield>
  </datafield>
  <datafield tag="700" ind1=" " ind2="1">
    <subfield code="a">S&#xE1;nchez Saavedra, Jos&#xE9; Antonio,</subfield>
    <subfield code="e">editor</subfield>
    <subfield code="9">34446</subfield>
  </datafield>
  <datafield tag="710" ind1=" " ind2="2">
    <subfield code="a">Programa Arte/Billete/Maculatura/Refines/Dise&#xF1;o</subfield>
    <subfield code="9">34447</subfield>
  </datafield>
  <datafield tag="942" ind1=" " ind2=" ">
    <subfield code="2">lcc</subfield>
    <subfield code="c">BK</subfield>
    <subfield code="n">1</subfield>
  </datafield>
  <datafield tag="999" ind1=" " ind2=" ">
    <subfield code="c">13797</subfield>
    <subfield code="d">13797</subfield>
  </datafield>
</record>
